000 004350000a22001810004500
003 MACL
005 20160101170758.0
008 160101b xxu||||| |||| 00| 0 eng d
040 _aMACL
_cMACL
041 _aEnglish
082 _a530/NEL
100 _aNelkon, M
_926742
245 _aAdvanced Level Practical Physics
260 _bHeinemann
_c1962
_aBritain
350 _a17
650 _aPhysics
_926743
942 _cBK
_k530/NEL
_2ddc
999 _c35742
_d35742